Scuderie con più Gran Premi consecutivi a Punti in Formula 1 - Statistics

Statistiche generali
  • Questo quiz è stato fatto 48 volte
  • Il punteggio medio è 8 su 8
Statistiche sulle risposte
Nazione Gran premi consecutivi a punti Scuderia % Corretto
Italia 81 Ferrari
100%
Italia 55 Ferrari
100%
Italia 46 Ferrari
100%
Italia 46 Ferrari
100%
Germania 62 Mercedes
98%
Germania 57 Mercedes
98%
Germania 55 Mercedes
98%
Regno Unito 64 McLaren
96%
Nessun quiz corrispondente trovato
Distribuzione punteggi
Percentuale di utenti per punteggio
Percentile per numero di risposta
I tuoi punteggi nel tempo
Non hai fatto questo quiz